<?xml version="1.0" encoding="UTF-8"?><?xml-stylesheet type="text/xsl" href="static/style.xsl"?><OAI-PMH xmlns="http://www.openarchives.org/OAI/2.0/" xmlns:xsi="http://www.w3.org/2001/XMLSchema-instance" xsi:schemaLocation="http://www.openarchives.org/OAI/2.0/ http://www.openarchives.org/OAI/2.0/OAI-PMH.xsd"><responseDate>2026-04-17T06:55:00Z</responseDate><request verb="GetRecord" identifier="oai:www.recercat.cat:2445/167703" metadataPrefix="marc">https://recercat.cat/oai/request</request><GetRecord><record><header><identifier>oai:recercat.cat:2445/167703</identifier><datestamp>2025-12-05T09:21:56Z</datestamp><setSpec>com_2072_1057</setSpec><setSpec>col_2072_478799</setSpec><setSpec>col_2072_478821</setSpec><setSpec>col_2072_478917</setSpec></header><metadata><record xmlns="http://www.loc.gov/MARC21/slim" xmlns:dcterms="http://purl.org/dc/terms/" xmlns:xsi="http://www.w3.org/2001/XMLSchema-instance" xmlns:doc="http://www.lyncode.com/xoai" xsi:schemaLocation="http://www.loc.gov/MARC21/slim http://www.loc.gov/standards/marcxml/schema/MARC21slim.xsd">
   <leader>00925njm 22002777a 4500</leader>
   <datafield ind2=" " ind1=" " tag="042">
      <subfield code="a">dc</subfield>
   </datafield>
   <datafield ind2=" " ind1=" " tag="720">
      <subfield code="a">Ros Puig, Domènec</subfield>
      <subfield code="e">author</subfield>
   </datafield>
   <datafield ind2=" " ind1=" " tag="720">
      <subfield code="a">Juvells Prades, Ignacio</subfield>
      <subfield code="e">author</subfield>
   </datafield>
   <datafield ind2=" " ind1=" " tag="720">
      <subfield code="a">Pavía Segura, Javier</subfield>
      <subfield code="e">author</subfield>
   </datafield>
   <datafield ind2=" " ind1=" " tag="720">
      <subfield code="a">Falcón Falcón, Carles Maria</subfield>
      <subfield code="e">author</subfield>
   </datafield>
   <datafield ind2=" " ind1=" " tag="260">
      <subfield code="c">2020-07-06T07:57:56Z</subfield>
   </datafield>
   <datafield ind2=" " ind1=" " tag="260">
      <subfield code="c">2020-07-06T07:57:56Z</subfield>
   </datafield>
   <datafield ind2=" " ind1=" " tag="260">
      <subfield code="c">1995</subfield>
   </datafield>
   <datafield ind2=" " ind1=" " tag="260">
      <subfield code="c">2020-07-06T07:57:56Z</subfield>
   </datafield>
   <datafield ind2=" " ind1=" " tag="520">
      <subfield code="a">L'espectacular avenç en la tecnologia mèdica que s'ha produït en els darrers anys, i l'augment de potencia de càlcul dels ordinadors, han generalitzat la utilització de tècniques cada vegada més sofisticades en l'àmbit del diagnòstic per la imatge. En l'actualitat disposem de tècniques d'obtenció d'imatges biomèdiques que, en aportar informació complementària morfològica i funcional, estan augmentant la capacitat de diagnòstic mitjançant tècniques no invasives. Com a exemple cal destacar la tomografia per ordinador de raigs X (SO) -impròpiament coneguda com a TC o tomografia computeritzada-, l'ecografia, la ressonància magnetita nuclear (RMN) i la tomografia d'emissió de fotons, en les dues vessants, emissió de fotó únic (SPECT, single photon emission computed tomography) o emissió de dos fotons d'aniquilació (PET, positron emission tomography). Així, les radiografies convencionals d'atenuació de raigs X, o les gammagrafies planars obtingudes per emissió de radiació γ d'un traçador, s'han vist complementades amb imatges transversals del cos humà, obtingudes a partir de projeccions bidimensionals.</subfield>
   </datafield>
   <datafield tag="653" ind2=" " ind1=" ">
      <subfield code="a">Tomografia computada per emissió de fotó simple</subfield>
   </datafield>
   <datafield tag="653" ind2=" " ind1=" ">
      <subfield code="a">Tomografia</subfield>
   </datafield>
   <datafield tag="653" ind2=" " ind1=" ">
      <subfield code="a">Diagnòstic per la imatge</subfield>
   </datafield>
   <datafield tag="653" ind2=" " ind1=" ">
      <subfield code="a">Single-photon emission computed tomography</subfield>
   </datafield>
   <datafield tag="653" ind2=" " ind1=" ">
      <subfield code="a">Tomography</subfield>
   </datafield>
   <datafield tag="653" ind2=" " ind1=" ">
      <subfield code="a">Diagnostic imaging</subfield>
   </datafield>
   <datafield ind2="0" ind1="0" tag="245">
      <subfield code="a">Tècniques de reconstrucció d'imatges en SPECT</subfield>
   </datafield>
</record></metadata></record></GetRecord></OAI-PMH>